| 000 | 00508nam a22001937a 4500 | ||
|---|---|---|---|
| 003 | MPLRDC | ||
| 005 | 20220105061145.0 | ||
| 008 | 210129b ||||| |||| 00| 0 eng d | ||
| 020 | _a962-577-169-7 | ||
| 082 | _a848.3 CL v.31 c.2 | ||
| 100 | _a蔡澜 | ||
| 245 |
_a四乐也 _c |
||
| 250 | _a初版 | ||
| 260 |
_a香港 _b壹出版有限公司 _c1996 |
||
| 300 | _b平 | ||
| 520 | _a上架 2018-06-29。 2018-03-06 荧光标记--pg.多页。 | ||
| 650 | _a现代别集 | ||
| 942 |
_cBK _o848.3 CL v.31 c.2 |
||
| 999 |
_c69658 _d69648 |
||